Statistics for Brazil Cities Map Quiz

Click here to take the quiz!

General Stats

  • This quiz has been taken 29,450 times
  • The average score is 7 of 14

Answers on the Map

Answers color-coded by a green-red scale on the quiz's map according to % correct below.
 

Answer Stats

Answer% Correct
Brasília
83%
Rio de Janeiro
81%
São Paulo
79%
Manaus
67%
Porto Alegre
57%
Belo Horizonte
56%
Salvador
52%
Belém
50%
Fortaleza
49%
Curitiba
41%
Cuiabá
37%
Campo Grande
33%
Porto Velho
32%
Teresina
32%

Score Distribution

Percentile by Number Answered

Percent of People with Each Score

Your Score History

You have not taken this quiz